Statistics for P Marks the Spot

Click here to take the quiz!

General Stats

  • This quiz has been taken 67 times
  • The average score is 13 of 21

Answer Stats

HintAnswer% Correct
Common fruitApple
91%
Spotted felineLeopard
86%
Pop the questionPropose
83%
Unoccupied, vacantEmpty
79%
Give an answerReply
79%
Group of islandsArchipelago
76%
Bottle-nosed creatureDolphin
76%
Bubbly drinkChampagne
74%
First anniversary giftPaper
74%
Flanders fields flowerPoppy
69%
Bus terminalDepot
67%
Possible perpetratorSuspect
66%
Eurasian seaCaspian
62%
Quick, speedyRapid
62%
Egyptian stone coffinSarcophagus
57%
Subject, talking pointTopic
57%
Literary subdivisionChapter
52%
Parthenon siteAcropolis
47%
Italian resort islandCapri
38%
Oprah's birth nameOrpah
26%
Pretentious, arrogantPompous
21%

Score Distribution

Percentile by Number Answered

Percent of People with Each Score

Your Score History

You have not taken this quiz